000 00626nam a2200229Ia 4500
005 20260115174024.0
008 008 260114s9999 xx 000 0 eng d
020 _a9780511622618
037 _aEBOOK
040 _aCRL
_beng
_cCRL
041 _aeng
_2eng
084 _qCRL
100 _aSterman
_9895140
245 3 _aAn Introduction to Quantum Field Theory
260 _bCambridge University Press
260 _bCambridge University Press
260 _c1993
650 _aPhysics and Astronomy
_9895141
856 _uhttps://doi.org/10.1017/CBO9780511622618
942 _cEBOOK
999 _c1489273
_d1489273